Mapamundi (Registro nro. 165114)

Detalles MARC
000 -ENCABEZADO
Número de control [NR] 00539 a2200181 4500
005 - FECHA Y HORA DE LA ÚLTIMA TRANSACCIÓN
control field 20170608110208.0
008 - DE LONGITUD FIJA DE DATOS DE ELEMENTOS - INFORMACIÓN GENERAL
Elementos de longitud fija [NR] 130228s2013 ck j |a 00| 0 spa d
040 ## - FUENTE DE CATALOGACION [NR]
Agencia de catalogación original [NR] CO-BoUCM
Agencia que realiza la transcripción [NR] spa
092 ## - SIGNATURA TOPOGRAFICA LOCAL
Número de clasificación local MAP 0140
041 ## - CODIGO DE IDIOMA [R]
Código de idioma para texto/pista de sonido o título separado [R] Español
245 ## - MENCION DE TITULO [NR]
Título [NR] Mapamundi
Parte restante del título [NR] estructura geopolítica y económica
260 ## - PUBLICACION, DISTRIBUCION, ETC. (PIE DE IMPRENTA) [R]
Lugar de publicación, distribución, etc. [R] [Bogotá]
Nombre del editor, distribuidor, etc. [R] [s.n.]
Fecha de publicación, distribución, etc. [R] [2013]
300 ## - DESCRIPCION FISICA [R]
Extensión [R] 1 mapa
Otros detalles físicos [NR] color
Dimensiones [R] 70 x100 cm
650 #7 - ASIENTO SECUNDARIO DE MATERIA - TERMINO TEMATICO [R]
Término temático o nombre geográfico como elemento de entrada [NR] Geografía económica
Subdivisión de forma [R] Mapas
9 (RLIN) 44799
650 #7 - ASIENTO SECUNDARIO DE MATERIA - TERMINO TEMATICO [R]
Término temático o nombre geográfico como elemento de entrada [NR] Geografía política
Subdivisión de forma [R] Mapas
9 (RLIN) 44800
690 ## - ASUNTO AGREGADO LOCAL DE ENTRADA - TÉRMINO TEMÁTICO (OCLC, RLIN)
Acceso temático local Geografía universal
942 ## - ELEMENTOS DE ENTRADA AGREGADOS (KOHA)
Source of classification or shelving scheme LOCAL
Koha item type Material cartográfico
Tema principal Geografía
Existencias
Suprimido Perdido Sistema de clasificación Dañado No prestable Tipo de ítem específico Ubicación habitual Ubicación actual Localización Fecha de creación Forma de adquisición Costo Total préstamos Signatura topográfica Código de barras Última vez visto Fecha de último préstamo Ejemplar Price effective from Tipo de ítem
    LOCAL     Mapa Claustro Claustro 2do piso 26/02/2013 Donación 26000.00 6 MAP 0140 100130247 10/12/2025 21/02/2019 Ej.1 26/02/2013 Mapa